Statistiques concernant Dates marquantes de la vie politique française (V)

Cliquez ici pour prendre le quiz!

Statistiques générales

  • Ce quiz a été pris 56 fois
  • Le résultat moyen est 10 sur 15

Statistiques - réponses

Evénement(s)Date(s)% Correct
Appel du 18 juin...1940
92%
Création de la Vème République1958
91%
Fin du Second Empire1870
85%
De Gaulle est élu pour la première fois au suffrage universel1965
81%
Publication du code civil1804
74%
René Coty est élu président de la République1954
74%
Mort de Napoléon Ier1821
72%
Début de la Seconde Restauration1815
62%
Edouard Balladur est nommé Premier Ministre1993
60%
Abolition de l'esclavage sous l'impulsion de Victor Schœlcher1848
58%
Mort de Philippe Pétain1951
55%
Accords de Munich1938
47%
Création du RPR (Rassemblement pour la République)1976
43%
Mort de Georges Clemenceau1929
34%
Première révolte des canuts (soulèvement ouvrier à Lyon)1831
25%

Distribution des résultats

Percentile par nombre de réponses

% des personnes avec chaque résultat

Votre développement - résultats

Vous n’avez pas pris ce quiz